High stakes to managing knowledge (Record no. 77391)

MARC details
000 -LEADER
fixed length control field 01114cab a2200193 4500
001 - CONTROL NUMBER
control field ##L134157
008 - FIXED-LENGTH DATA ELEMENTS--GENERAL INFORMATION
fixed length control field 060713n2006 000 0 eng u
035 ## - SYSTEM CONTROL NUMBER
System control number (Sirsi) u134157
041 0# - LANGUAGE CODE
Language code of text/sound track or separate title eng
100 1# - MAIN ENTRY--PERSONAL NAME
Personal name Quintas, Paul
245 00 - TITLE STATEMENT
Title High stakes to managing knowledge
260 ## - PUBLICATION, DISTRIBUTION, ETC.
Date of publication, distribution, etc. 2006
490 #0 - SERIES STATEMENT
Series statement Project
Volume/sequential designation 19(2) July 2006, 10-12(3)
520 ## - SUMMARY, ETC.
Summary, etc. Discusses the development of the concept of knowledge management over the last two decades. Many organisations initially invested in expensive technological ways of managing knowledge, which failed to deliver the anticipated benefits because they ignored human and social dimensions. Emphasis is now increasingly being placed on other knowledge sharing tools such as storytelling, which convey varying depths of meaning about an organisation, and the concept of community of practice, consisting of staff collectives based on knowledge derived from shared work experiences and problems encountered.
590 ## - LOCAL NOTE (RLIN)
Local note IKA180706
651 #4 - SUBJECT ADDED ENTRY--GEOGRAPHIC NAME
Geographic name International
690 ## - LOCAL SUBJECT ADDED ENTRY--TOPICAL TERM (OCLC, RLIN)
Topical term or geographic name as entry element MANAGEMENT-BUSINESS MANAGEMENT-INFORMATION MANAGEMENT-KNOWLEDGE MANAGEMENT
942 ## - ADDED ENTRY ELEMENTS (KOHA)
Suppress in OPAC 0
Holdings
Withdrawn status Lost status Source of classification or shelving scheme Damaged status Not for loan Home library Current library Shelving location Date acquired Total Checkouts Full call number Barcode Date last seen Copy number Price effective from Koha item type
    Dewey Decimal Classification     London London Journal article 13/07/2006   L134157 134157-1001 06/08/2019 1 06/08/2019 Journal article